Estadísticas para Los Paises menos corruptos de América Latina en 2023

Haz click aquí para intentar la prueba.

Estadísticas generales

  • Esta prueba ha sido intentada 29 veces
  • La puntuación promedio es 7 de 8

Estadísticas de respuestas

Puesto mundial con menor porcentaje de corrupciónPaís% Correcto
Puesto 98Argentina
100%
Puesto 16Uruguay
100%
Puesto 29Chile
96%
Puesto 104Brasil
88%
Puesto 45Costa Rica
84%
Puesto 87Colombia
80%
Puesto 108República Dominicana
72%
Puesto 76Cuba
60%

Distribución de puntuación

Porcentaje por número respondido

Porcentaje de gente con cada puntuación

Historial de tus puntuaciones

No has intentado esta prueba.